000 00667nam a2200217 i 4500
001 105802
003 ES-MaACL
005 20250702063052.0
007 t|
008 060829s1968 ag ||||1| spa d
080 _a821.134.2(728.1)-31"19"
100 1 _aAsturias, Miguel Ángel,
_d1899-1974
_923701
245 1 0 _aWeek-end en Guatemala /
_cMiguel Angel Asturias.
260 _aBuenos Aires :
_bLosada,
_c[1968]
300 _a233 p. ;
_c20 cm.
490 1 _aNovelistas de nuestra época
500 _aBiblioteca Juan Andrade.
830 0 _aNovelistas de nuestra época
_9181054
852 _aES-MaACL
_jAND-605
_bR.109903
999 _c105802
_d105802